[Event "Titled Tue 24th Jun Late"]
[Site "chess.com INT"]
[Date "2025.06.24"]
[Round "3"]
[White "Shearsby, Jude"]
[Black "Linares Orellana, Hector Jose"]
[Result "1-0"]
[WhiteTitle "CM"]
[BlackTitle "FM"]
[WhiteElo "2160"]
[BlackElo "2111"]
[WhiteFideId "462527"]
[BlackFideId "7304307"]
[EventDate "2025.06.24"]

1. e4 e5 2. Nf3 Nc6 3. Nc3 Nf6 4. g3 Bc5 5. Bg2 d6 6. O-O O-O 7. a3 a5 8. d3 Ba7
9. Be3 Nd4 10. Bxd4 exd4 11. Ne2 Re8 12. Nexd4 c5 13. Nb5 Qb6 14. Nxa7 Qxa7 15.
b3 Bd7 16. a4 Rad8 17. Re1 Bc6 18. Qd2 b6 19. Rad1 Qb7 20. h3 Nd7 21. Qc3 f5 22.
Nd2 Nf6 23. Nc4 fxe4 24. dxe4 d5 25. exd5 Nxd5 26. Rxe8+ Bxe8 27. Qe5 Bf7 28.
Ne3 Re8 29. Bxd5 Rxe5 30. Bxb7 1-0

[Event "Titled Tue 24th Jun Late"]
[Site "chess.com INT"]
[Date "2025.06.24"]
[Round "3"]
[White "Papasimakopoulos, Alexandros"]
[Black "Smirnov, Alexandr A."]
[Result "1-0"]
[WhiteTitle "IM"]
[BlackTitle "FM"]
[WhiteElo "2366"]
[BlackElo "2136"]
[WhiteFideId "4244125"]
[BlackFideId "24104396"]
[EventDate "2025.06.24"]

1. d4 Nf6 2. c4 g6 3. Nc3 Bg7 4. Nf3 d6 5. Bg5 O-O 6. e3 c5 7. d5 e6 8. Be2 h6
9. Bh4 exd5 10. cxd5 Na6 11. Nd2 Nc7 12. O-O g5 13. Bg3 Nfxd5 14. Nxd5 Nxd5 15.
Nc4 Be6 16. Bxd6 Re8 17. Bxc5 b5 18. Nd6 Bf8 19. Ne4 Bxc5 20. Nxc5 a6 21. Bf3
Ra7 22. Nxe6 fxe6 23. Qd4 Rd7 24. Rfd1 Ree7 25. Qe5 Nb6 26. Rxd7 Qxd7 27. Rd1
Qc7 28. Qf6 Rg7 29. Rd8+ Kh7 30. Be4+ 1-0

[Event "Titled Tue 24th Jun Late"]
[Site "chess.com INT"]
[Date "2025.06.24"]
[Round "3"]
[White "Parkhov, Yair"]
[Black "Kodihalli, Kaustubh"]
[Result "1-0"]
[WhiteTitle "GM"]
[WhiteElo "2514"]
[BlackElo "2038"]
[WhiteFideId "2813408"]
[BlackFideId "30956455"]
[EventDate "2025.06.24"]

1. d4 Nf6 2. c4 g6 3. Nc3 d5 4. Bf4 c6 5. e3 Bg7 6. h3 O-O 7. Nf3 dxc4 8. Bxc4
b5 9. Be2 Bb7 10. O-O a6 11. a3 Nbd7 12. b4 Nb6 13. Rc1 Nbd5 14. Nxd5 Nxd5 15.
Be5 f6 16. Bh2 a5 17. Qb3 axb4 18. axb4 Kh8 19. e4 Nb6 20. Ra1 Na4 21. Rfd1 Qb6
22. Rac1 Rad8 23. d5 cxd5 24. Bc7 Qa7 25. Bxd8 Rxd8 26. Bxb5 Nb6 27. Rc7 Qb8 28.
Rxe7 Bf8 29. Rf7 Bg7 30. Qe3 dxe4 31. Rxd8+ Qxd8 32. Rxb7 Qd1+ 33. Qe1 Qd6 34.
Qxe4 Qd1+ 35. Qe1 Qxe1+ 36. Nxe1 Nd5 37. Rb8+ Bf8 38. Rxf8+ Kg7 1-0

[Event "Titled Tue 24th Jun Late"]
[Site "chess.com INT"]
[Date "2025.06.24"]
[Round "3"]
[White "Demchenko, Anton"]
[Black "Tatarinov, Dmitry"]
[Result "0-1"]
[WhiteTitle "GM"]
[BlackTitle "FM"]
[WhiteElo "2619"]
[BlackElo "2318"]
[WhiteFideId "4160258"]
[BlackFideId "24160067"]
[EventDate "2025.06.24"]

1. e4 e6 2. d4 d5 3. e5 c5 4. c3 Nc6 5. Nf3 a5 6. Bb5 Bd7 7. a4 c4 8. b3 cxb3 9.
Qxb3 f6 10. O-O fxe5 11. Bxc6 Bxc6 12. Nxe5 Bd6 13. Re1 Ne7 14. Bg5 O-O 15. Na3
Qc7 16. Bxe7 Bxe7 17. Nxc6 bxc6 18. Rxe6 Bd6 19. h3 Bh2+ 20. Kf1 Rxf2+ 21. Kxf2
Qf7+ 22. Ke2 Qxe6+ 23. Kd1 Rf8 24. Kc1 Qe2 25. Nc2 Qxg2 26. Rb1 Bf4+ 27. Kb2 Rb8 0-1

[Event "Titled Tue 24th Jun Late"]
[Site "chess.com INT"]
[Date "2025.06.24"]
[Round "3"]
[White "Montano Vicente, Guadalupe"]
[Black "Fiorito, Fabian"]
[Result "0-1"]
[BlackTitle "IM"]
[WhiteElo "1938"]
[BlackElo "2274"]
[WhiteFideId "5181399"]
[BlackFideId "100200"]
[EventDate "2025.06.24"]

1. d4 Nf6 2. c4 g6 3. Nc3 Bg7 4. e4 d6 5. h3 c5 6. Be3 cxd4 7. Bxd4 Nc6 8. Be3
O-O 9. Nf3 b6 10. Bd3 Bb7 11. O-O Nd7 12. Rc1 Rc8 13. Re1 Nce5 14. b3 Nxf3+ 15.
Qxf3 f5 16. Nd5 e6 17. Nf4 fxe4 18. Bxe4 Ne5 19. Qg3 Bxe4 20. Nxe6 Qd7 21. Nxf8
Rxf8 22. Rcd1 Ba8 23. Bf4 Qc6 24. Rxd6 Qxd6 25. Bxe5 Bxe5 26. Qxe5 0-1

[Event "Titled Tue 24th Jun Late"]
[Site "chess.com INT"]
[Date "2025.06.24"]
[Round "3"]
[White "Yanev, Tihomir"]
[Black "Jing, Andrew"]
[Result "0-1"]
[WhiteTitle "IM"]
[BlackTitle "FM"]
[WhiteElo "2354"]
[BlackElo "2292"]
[WhiteFideId "2910110"]
[BlackFideId "30984076"]
[EventDate "2025.06.24"]

1. d4 Nf6 2. Nf3 g6 3. c4 Bg7 4. Nc3 O-O 5. g3 d6 6. Bg2 Nfd7 7. O-O e5 8. e4
Nc6 9. Be3 Nb6 10. d5 Ne7 11. Nd2 f5 12. c5 f4 13. cxb6 fxe3 14. bxc7 Qxc7 15.
fxe3 Qc5 16. Qe2 Bd7 17. Nb3 Qb6 18. Rxf8+ Rxf8 19. Rf1 Bh6 20. Rxf8+ Kxf8 21.
Kf2 a5 22. Nc1 a4 23. a3 Kg7 24. Nd3 Bg5 25. Nb4 h5 26. h3 h4 27. g4 Nc8 28. Qd3
Qc5 29. Ke2 Nb6 30. Kf3 Nc4 31. Nd1 Bb5 32. Qc3 Qc7 33. Bf1 Qf7+ 34. Kg2 Nxe3+
35. Nxe3 Bxe3 36. Qxe3 Qxf1+ 37. Kh2 Be2 0-1

[Event "Titled Tue 24th Jun Late"]
[Site "chess.com INT"]
[Date "2025.06.24"]
[Round "3"]
[White "Fuhrmann, Bahne"]
[Black "Thorfinnsson, Bragi"]
[Result "0-1"]
[WhiteTitle "FM"]
[BlackTitle "GM"]
[WhiteElo "2256"]
[BlackElo "2354"]
[WhiteFideId "16244842"]
[BlackFideId "2300958"]
[EventDate "2025.06.24"]

1. e4 d6 2. d4 Nf6 3. Nc3 e5 4. Nf3 Nbd7 5. Bc4 Be7 6. Bxf7+ Kxf7 7. Ng5+ Kg8 8.
Ne6 Qe8 9. Nxc7 Qg6 10. O-O Rb8 11. f4 exd4 12. Qxd4 h6 13. Be3 Ng4 14. N3d5 Bf8
15. Bd2 Nc5 16. Rae1 Nf6 17. e5 Nxd5 18. Nxd5 dxe5 19. Qxe5 Bd6 20. Ne7+ Bxe7
21. Qxb8 Kh7 22. Kh1 Bh3 23. Qxh8+ Kxh8 24. gxh3 Qc6+ 25. Kg1 Ne4 0-1

[Event "Titled Tue 24th Jun Late"]
[Site "chess.com INT"]
[Date "2025.06.24"]
[Round "3"]
[White "Maksimovic, Bojan"]
[Black "Kolimar, Kristof Pal"]
[Result "1-0"]
[WhiteTitle "IM"]
[BlackTitle "FM"]
[WhiteElo "2514"]
[BlackElo "2368"]
[WhiteFideId "14408120"]
[BlackFideId "798410"]
[EventDate "2025.06.24"]

1. b3 d5 2. Bb2 Nf6 3. e3 e6 4. Nc3 c5 5. d4 Nc6 6. Nge2 a6 7. f3 Bd6 8. Qd2 b5
9. dxc5 Bxc5 10. O-O-O Qb6 11. Nd4 e5 12. Nxc6 Bxe3 13. Nxe5 Bxd2+ 14. Rxd2 Be6
15. Bd3 O-O 16. g4 Qc7 17. Re1 Rfd8 18. Ne2 Rac8 19. Nd4 Rd6 20. Rde2 Nd7 21.
Nxd7 Qxd7 22. Kb1 b4 23. h3 Re8 24. f4 Qc8 25. Nf5 Rc6 26. Nxg7 Rc3 27. Nxe8
Qxe8 28. f5 Qc8 29. fxe6 fxe6 30. Rxe6 Qc5 31. g5 Kf7 32. Re7+ Kf8 33. Re8+ Kf7
34. R1e7+ Qxe7 35. Rxe7+ Kxe7 36. Bxc3 bxc3 37. Bxh7 1-0

[Event "Titled Tue 24th Jun Late"]
[Site "chess.com INT"]
[Date "2025.06.24"]
[Round "3"]
[White "Niemann, Hans Moke"]
[Black "Grutter, Tim"]
[Result "1-0"]
[WhiteTitle "GM"]
[BlackTitle "IM"]
[WhiteElo "2736"]
[BlackElo "2404"]
[WhiteFideId "2093596"]
[BlackFideId "1057472"]
[EventDate "2025.06.24"]

1. e4 c5 2. Nf3 g6 3. c3 d5 4. e5 Nc6 5. h3 d4 6. Bb5 Bd7 7. Qe2 a6 8. Bxc6 Bxc6
9. d3 Bg7 10. Nbd2 Qd5 11. c4 Qd7 12. Ne4 b6 13. O-O h5 14. Re1 Nh6 15. Nf6+
exf6 16. exf6+ Kf8 17. fxg7+ Kxg7 18. Qe5+ f6 19. Bxh6+ Rxh6 20. Qe7+ Qxe7 21.
Rxe7+ Kg8 22. Nh4 Re8 23. Rae1 Kf8 24. Rxe8+ Bxe8 25. Re6 g5 26. Nf3 b5 27. Rxa6
bxc4 28. dxc4 Rh7 29. Rxf6+ Ke7 30. Rb6 Rg7 31. Rb7+ Bd7 32. Ne5 Kd6 33. Rxd7+
Rxd7 34. Nxd7 Kxd7 35. Kf1 Kd6 36. Ke2 Ke5 37. Kd3 Kf5 38. g3 h4 39. gxh4 gxh4
40. a4 Ke5 41. a5 Kd6 42. f4 1-0

[Event "Titled Tue 24th Jun Late"]
[Site "chess.com INT"]
[Date "2025.06.24"]
[Round "3"]
[White "Rosen, Eric"]
[Black "Naroditsky, Daniel"]
[Result "0-1"]
[WhiteTitle "IM"]
[BlackTitle "GM"]
[WhiteElo "2377"]
[BlackElo "2619"]
[WhiteFideId "2032562"]
[BlackFideId "2026961"]
[EventDate "2025.06.24"]

1. d4 Nf6 2. Bf4 g6 3. Nc3 d5 4. e3 Bg7 5. h4 h5 6. Nf3 O-O 7. Ne5 c5 8. dxc5
Nc6 9. Nxc6 bxc6 10. Qd2 Qa5 11. a3 Nd7 12. b4 Qd8 13. Be2 a5 14. Rb1 axb4 15.
axb4 Ra3 16. Nd1 e5 17. Bg3 Qe7 18. O-O Nf6 19. f3 Bf5 20. Nf2 Bh6 21. Rb3 Rxb3
22. cxb3 d4 23. f4 Nd5 24. e4 Nxf4 25. Bxf4 Bxf4 26. Qd3 Qxh4 27. Nh3 Be3+ 28.
Kh2 Bxe4 29. Qa6 Bf4+ 30. Rxf4 exf4 31. Bf3 Bxf3 32. gxf3 Qg3+ 33. Kh1 Qxh3+ 34.
Kg1 Qg3+ 35. Kh1 Qxf3+ 36. Kh2 Re8 37. b5 Re2+ 38. Kg1 Qg2# 0-1

[Event "Titled Tue 24th Jun Late"]
[Site "chess.com INT"]
[Date "2025.06.24"]
[Round "3"]
[White "Buchenau, Frank"]
[Black "Schuster, Karsten"]
[Result "1-0"]
[WhiteTitle "FM"]
[BlackTitle "FM"]
[WhiteElo "2205"]
[BlackElo "2266"]
[WhiteFideId "4604350"]
[BlackFideId "4611071"]
[EventDate "2025.06.24"]

1. e4 d5 2. exd5 Qxd5 3. Nc3 Qd8 4. d4 Nf6 5. Nf3 Bg4 6. h3 Bxf3 7. Qxf3 c6 8.
Qd3 e6 9. g3 Bd6 10. Bg2 O-O 11. O-O Nbd7 12. Re1 Re8 13. Ne4 Nxe4 14. Qxe4 Nf6
15. Qe2 Bc7 16. c3 a6 17. Bd2 Bb6 18. Rad1 Qc7 19. Bg5 Nd5 20. c4 Ne7 21. Bf4
Qc8 22. h4 Ng6 23. Be3 h6 24. h5 Ne7 25. Be4 Ba5 26. Rf1 b5 27. Rc1 Qb7 28. Rc2
bxc4 29. Rxc4 Nd5 30. Rfc1 Rec8 31. a3 Bb6 32. Qc2 Nxe3 33. fxe3 Qb8 34. Rxc6
Rxc6 35. Qxc6 Qxg3+ 36. Kf1 Rb8 37. Qxb6 Qxe3 38. Qxb8# 1-0

[Event "Titled Tue 24th Jun Late"]
[Site "chess.com INT"]
[Date "2025.06.24"]
[Round "3"]
[White "Senft, Sean"]
[Black "Nihal, Sarin"]
[Result "0-1"]
[BlackTitle "GM"]
[WhiteElo "2039"]
[BlackElo "2696"]
[WhiteFideId "2044960"]
[BlackFideId "25092340"]
[EventDate "2025.06.24"]

1. d4 Nf6 2. c4 b6 3. Nc3 Bb7 4. Nf3 e6 5. Bg5 Bb4 6. e3 h6 7. Bh4 g5 8. Bg3 Ne4
9. Qc2 Bxc3+ 10. bxc3 d6 11. Bd3 f5 12. d5 exd5 13. cxd5 Bxd5 14. Nd4 Qf6 15. f3
Nxg3 16. hxg3 Nd7 17. Bxf5 O-O-O 18. Qa4 c5 19. Qxa7 cxd4 20. cxd4 Qxf5 21. Rc1+
Nc5 22. dxc5 bxc5 23. e4 Bxe4 24. fxe4 Qxe4+ 25. Kd2 Qxg2+ 26. Kc3 Qxg3+ 27. Kc4
Qg4+ 28. Kb5 Qd7+ 29. Qxd7+ Kxd7 30. Rh5 Rb8+ 31. Kc4 Kc6 32. Rch1 Ra8 33. Kb3
Rhb8+ 34. Kc3 Ra3+ 35. Kc2 Rxa2+ 36. Kd3 Rb3+ 37. Ke4 Rf2 0-1

[Event "Titled Tue 24th Jun Late"]
[Site "chess.com INT"]
[Date "2025.06.24"]
[Round "3"]
[White "Zhou, Abigail"]
[Black "Xie, Bryan"]
[Result "0-1"]
[WhiteTitle "WCM"]
[BlackTitle "FM"]
[WhiteElo "1780"]
[BlackElo "2312"]
[WhiteFideId "39922081"]
[BlackFideId "30941296"]
[EventDate "2025.06.24"]

1. e4 c5 2. Nf3 e6 3. d4 cxd4 4. Nxd4 Nc6 5. c4 Nf6 6. Nc3 Bb4 7. Nxc6 bxc6 8.
Bd3 O-O 9. O-O d5 10. exd5 cxd5 11. cxd5 Nxd5 12. Nxd5 Qxd5 13. Qc2 Bb7 14. f3
Rac8 15. Qe2 Rfd8 16. Be4 Qd7 17. Bg5 f6 18. Be3 Bxe4 19. fxe4 e5 20. Rad1 Qb7
21. a3 Be7 22. Bf2 a5 23. Qg4 Qxb2 24. Qe6+ Kf8 25. Rb1 Qxa3 26. Rb7 Qd6 27. Qb3
Qc6 28. Re1 a4 29. Qb1 a3 30. Rb6 Qc2 31. Qxc2 Rxc2 32. Rb7 a2 33. Ra7 Rxf2 34.
Rxe7 Rxg2+ 35. Kxg2 Kxe7 36. Ra1 Rd2+ 37. Kf3 Rxh2 38. Kg3 Rb2 39. Kf3 h5 40.
Kg3 g5 41. Kf3 Kf7 42. Kg3 Kg6 43. Kh3 g4+ 44. Kg3 Kg5 45. Rh1 h4+ 46. Rxh4 Rb3+
47. Kg2 Kxh4 48. Kh2 Rb2+ 49. Kg1 a1=R# 0-1

[Event "Titled Tue 24th Jun Late"]
[Site "chess.com INT"]
[Date "2025.06.24"]
[Round "3"]
[White "Foldes, Marton Gabor"]
[Black "Cernov, Henrik"]
[Result "0-1"]
[WhiteTitle "FM"]
[BlackTitle "FM"]
[WhiteElo "2295"]
[BlackElo "2325"]
[WhiteFideId "794708"]
[BlackFideId "16258312"]
[EventDate "2025.06.24"]

1. Nf3 Nf6 2. c4 Nc6 3. d4 e6 4. a3 d6 5. Nc3 g6 6. e4 Bg7 7. h3 O-O 8. Be3 Re8
9. d5 exd5 10. exd5 Ne7 11. Be2 Nf5 12. Bd2 Ne4 13. Nxe4 Rxe4 14. O-O Bxb2 15.
Bd3 Re8 16. Qc2 Bg7 17. Rab1 Nd4 18. Nxd4 Bxd4 19. Rfe1 b6 20. Rxe8+ Qxe8 21.
Re1 Qd8 22. Bc3 Bxc3 23. Qxc3 Bd7 24. Qd4 Qf8 25. h4 Re8 26. Rxe8 Qxe8 27. h5
Qe5 28. Qh4 g5 29. Qe4 Qxe4 30. Bxe4 f5 31. Bd3 Kg7 32. Kh2 Kf6 33. Kg3 Ke5 34.
f4+ gxf4+ 35. Kf3 h6 36. Bb1 Be8 0-1

[Event "Titled Tue 24th Jun Late"]
[Site "chess.com INT"]
[Date "2025.06.24"]
[Round "3"]
[White "Xiong, Jeffery"]
[Black "Wagner, Dennis"]
[Result "1-0"]
[WhiteTitle "GM"]
[BlackTitle "GM"]
[WhiteElo "2639"]
[BlackElo "2619"]
[WhiteFideId "2047640"]
[BlackFideId "24650684"]
[EventDate "2025.06.24"]

1. d4 Nf6 2. c4 e6 3. Nc3 Bb4 4. Nf3 d5 5. Qa4+ Nc6 6. e3 O-O 7. Qc2 Re8 8. Bd2
Bf8 9. a3 e5 10. dxe5 Nxe5 11. Nxe5 Rxe5 12. cxd5 Nxd5 13. O-O-O Qe8 14. Bd3 g6
15. h4 a5 16. Nxd5 Rxd5 17. h5 Rc5 18. Bc3 Bg7 19. hxg6 hxg6 20. Rh4 Qe7 21.
Rdh1 Rxc3 22. bxc3 Qxa3+ 23. Qb2 Qc5 24. Bxg6 Bxc3 25. Qc2 Qa3+ 26. Kd1 Be6 27.
Ke2 Rd8 28. Kf3 Rd2 29. Rh8+ Bxh8 30. Qxd2 fxg6 31. Qd8+ Kf7 32. Rxh8 Qd6 33.
Rh7# 1-0

[Event "Titled Tue 24th Jun Late"]
[Site "chess.com INT"]
[Date "2025.06.24"]
[Round "3"]
[White "Li, Xueyi"]
[Black "Popilski, Gil"]
[Result "0-1"]
[WhiteTitle "WGM"]
[BlackTitle "GM"]
[WhiteElo "2220"]
[BlackElo "2431"]
[WhiteFideId "8605912"]
[BlackFideId "2809060"]
[EventDate "2025.06.24"]

1. d4 d6 2. c4 Nf6 3. g3 g6 4. Bg2 Bg7 5. Nf3 O-O 6. O-O c6 7. Nc3 Qb6 8. e4 Bg4
9. h3 Bxf3 10. Bxf3 Nbd7 11. b3 c5 12. d5 a6 13. Bb2 Qa5 14. Re1 b5 15. Bg2 Rab8
16. Qc2 bxc4 17. bxc4 Ne5 18. Ne2 Rxb2 19. Qxb2 Nd3 20. Qc2 Nxe1 21. Qd1 Nxg2
22. Kxg2 Nxe4 23. Rb1 Qxa2 24. f3 Nc3 0-1

[Event "Titled Tue 24th Jun Late"]
[Site "chess.com INT"]
[Date "2025.06.24"]
[Round "3"]
[White "Gallo Garcia, Kemel Antonio"]
[Black "Carlsen, Magnus"]
[Result "0-1"]
[WhiteTitle "FM"]
[BlackTitle "GM"]
[WhiteElo "2362"]
[BlackElo "2837"]
[WhiteFideId "3523896"]
[BlackFideId "1503014"]
[EventDate "2025.06.24"]

1. e4 e5 2. Nf3 Nc6 3. Bb5 Nge7 4. Nc3 Ng6 5. d4 exd4 6. Nxd4 Bc5 7. Nxc6 bxc6
8. Bc4 O-O 9. O-O d6 10. Kh1 Ne5 11. Be2 f5 12. Na4 Bb6 13. Nxb6 axb6 14. f4 Ng6
15. exf5 Bxf5 16. Bf3 Qd7 17. g4 Be6 18. f5 Bc4 19. fxg6 Bxf1 20. gxh7+ Kh8 21.
Qxf1 Qxg4 22. Bxg4 Rxf1+ 23. Kg2 Raf8 24. b3 R8f2+ 25. Kg3 Rxc2 26. Bb2 Rxa1 27.
Bxa1 Rxa2 28. Bd4 c5 29. Be3 Kxh7 30. Be6 Re2 31. Kf3 Rxh2 32. Bg5 b5 33. Bd8 c6
34. Be7 Rd2 35. Ke3 Rd1 36. Ke2 Rd4 37. Bf5+ g6 38. Bc2 c4 39. bxc4 bxc4 40. Ke3
Rd5 41. Be4 Rd1 42. Bxc6 Re1+ 0-1

[Event "Titled Tue 24th Jun Late"]
[Site "chess.com INT"]
[Date "2025.06.24"]
[Round "3"]
[White "Salinas Herrera, Pablo"]
[Black "Reprintsev, Alexander"]
[Result "1-0"]
[WhiteTitle "GM"]
[BlackTitle "IM"]
[WhiteElo "2447"]
[BlackElo "2256"]
[WhiteFideId "3407128"]
[BlackFideId "14100541"]
[EventDate "2025.06.24"]

1. d4 d5 2. Nf3 Bf5 3. Bf4 e6 4. Nbd2 Bd6 5. Bg3 Nf6 6. e3 Ne4 7. Nxe4 Bxe4 8.
Nd2 Bg6 9. c4 O-O 10. Qb3 Nc6 11. Bxd6 Qxd6 12. Rc1 Na5 13. Qc3 Nxc4 14. Bxc4
dxc4 15. Nxc4 Qa6 16. O-O Rac8 17. Na5 Rfd8 18. b4 Be4 19. a4 b6 20. Nc6 Bxc6
21. Qxc6 Rd6 22. Qc2 Qb7 23. Qb3 Qd5 24. Qb1 f5 25. Rfd1 c6 26. Rc3 a5 27. Rdc1
axb4 28. Qxb4 Rb8 29. h3 h6 30. a5 b5 31. Rc5 Qe4 32. Re5 1-0

[Event "Titled Tue 24th Jun Late"]
[Site "chess.com INT"]
[Date "2025.06.24"]
[Round "3"]
[White "Bouchet, Sebastien"]
[Black "Dubnevych, Maksym"]
[Result "0-1"]
[WhiteTitle "CM"]
[BlackTitle "FM"]
[WhiteElo "2180"]
[BlackElo "2296"]
[WhiteFideId "623571"]
[BlackFideId "14184001"]
[EventDate "2025.06.24"]

1. e4 c5 2. c3 g6 3. d4 cxd4 4. cxd4 Bg7 5. Nc3 d6 6. Nf3 Nf6 7. h3 O-O 8. Be2
Nc6 9. d5 Ne5 10. Nxe5 dxe5 11. O-O e6 12. Bg5 h6 13. Bxf6 Qxf6 14. Bc4 Rd8 15.
Qb3 exd5 16. Nxd5 Qd6 17. Rfd1 Rf8 18. Rd3 Qc5 19. Rc3 Kh8 20. Rd1 Be6 21. Ne3
Bxc4 22. Rxc4 Qa5 23. Rd7 Rad8 24. Rcc7 Rxd7 25. Rxd7 Kg8 26. g3 b6 27. a3 Qc5
28. Qd5 Qc1+ 29. Kg2 Qxb2 30. Nc4 Qd4 31. Rxa7 b5 32. Nd6 Qxa7 0-1

[Event "Titled Tue 24th Jun Late"]
[Site "chess.com INT"]
[Date "2025.06.24"]
[Round "3"]
[White "Khoo-Thwe, Louis"]
[Black "Borisek, Jure"]
[Result "0-1"]
[WhiteTitle "CM"]
[BlackTitle "GM"]
[WhiteElo "2214"]
[BlackElo "2558"]
[WhiteFideId "1538756"]
[BlackFideId "14603152"]
[EventDate "2025.06.24"]

1. e4 g6 2. d4 Bg7 3. Nc3 d6 4. Be3 a6 5. Qd2 b5 6. f3 Nd7 7. O-O-O Nb6 8. h4 h5
9. Nh3 Bxh3 10. Rxh3 Nf6 11. e5 dxe5 12. dxe5 Qxd2+ 13. Rxd2 Nfd7 14. f4 e6 15.
Rh1 Bf8 16. Be2 Bb4 17. Bf3 O-O-O 18. Bxb6 Bxc3 19. bxc3 Nxb6 20. Rhd1 Rxd2 21.
Rxd2 Na4 22. c4 b4 23. Rd4 Nc5 24. Kd2 a5 25. Ke3 Rd8 26. Rxd8+ Kxd8 27. g4 hxg4
28. Bxg4 Na4 29. Kd4 c5+ 30. Kd3 Nc3 31. Kd2 Nxa2 32. c3 Nxc3 33. Kc2 a4 34. Kb2
a3+ 35. Kb3 Ke7 36. Bf3 Nb1 37. Ka2 Nd2 38. Bd1 Nxc4 39. Kb3 Ne3 40. Be2 c4+ 41.
Ka2 c3 42. Bd3 c2 43. h5 c1=Q 0-1

[Event "Titled Tue 24th Jun Late"]
[Site "chess.com INT"]
[Date "2025.06.24"]
[Round "3"]
[White "Lyakh, Vasiliy"]
[Black "Al-Tarboush, Ward"]
[Result "0-1"]
[BlackTitle "FM"]
[WhiteElo "2123"]
[BlackElo "2223"]
[WhiteFideId "14189828"]
[BlackFideId "7601450"]
[EventDate "2025.06.24"]

1. d4 Nf6 2. c4 b6 3. f3 Nc6 4. Nc3 d5 5. cxd5 Nxd5 6. e4 Nxc3 7. bxc3 e5 8. Bb5
Bd7 9. Qa4 Na5 10. Ne2 a6 11. Bxd7+ Qxd7 12. Qxd7+ Kxd7 13. dxe5 Bc5 14. Nd4 Nc4
15. f4 f6 16. e6+ Ke7 17. f5 Ne5 18. Ke2 Rad8 19. Rd1 g6 20. Bf4 Rd6 21. Bxe5
fxe5 22. Nf3 gxf5 23. exf5 Kf6 24. g4 h5 25. h3 hxg4 26. hxg4 e4 27. Nd4 Ke5 28.
Rh1 Rg8 29. Rag1 Bxd4 30. cxd4+ Rxd4 31. Rh7 Ra4 32. Kf2 Rxa2+ 33. Kg3 Ra3+ 34.
Kh4 e3 35. Re1 Kf4 36. Rf1+ Ke5 37. Rxc7 e2 38. Re1 Re3 39. Rc2 Kf6 40. g5+ Kxf5
41. Rcxe2 Rh8# 0-1

[Event "Titled Tue 24th Jun Late"]
[Site "chess.com INT"]
[Date "2025.06.24"]
[Round "3"]
[White "Badacsonyi, Stanley"]
[Black "Janik, Igor"]
[Result "1-0"]
[WhiteTitle "FM"]
[BlackTitle "GM"]
[WhiteElo "2300"]
[BlackElo "2520"]
[WhiteFideId "486973"]
[BlackFideId "1159259"]
[EventDate "2025.06.24"]

1. d4 d6 2. e4 Nf6 3. Nc3 g6 4. Be3 a6 5. f3 b5 6. Qd2 Nbd7 7. h4 h5 8. Nh3 Bg7
9. Ng5 Bb7 10. a4 b4 11. Nd1 c5 12. dxc5 dxc5 13. Bc4 O-O 14. Qe2 Qc7 15. Nf2
Ne5 16. O-O-O Ne8 17. Bd5 Nd6 18. Bxb7 Qxb7 19. Bxc5 Qc6 20. Bxd6 exd6 21. Kb1
Nc4 22. Nd3 Rab8 23. e5 Rfc8 24. e6 Na3+ 25. bxa3 bxa3+ 26. Kc1 a2 27. exf7+ Kh8
28. Kd2 Bc3+ 29. Ke3 Re8+ 30. fxe8=Q+ Rxe8+ 31. Ne4 d5 32. Kf2 dxe4 33. fxe4
Rf8+ 34. Kg3 Qd6+ 35. e5 Qd4 36. Rhf1 Rxf1 37. Rxf1 a1=Q 38. Rxa1 Bxa1 39. Qf3
Kg8 40. Qa8+ Kh7 41. Qb7+ Kh6 42. Qf3 Qxa4 43. Qf8+ Kh7 44. Qf7+ Kh6 45. Qf4+
Kh7 46. Qxa4 1-0

[Event "Titled Tue 24th Jun Late"]
[Site "chess.com INT"]
[Date "2025.06.24"]
[Round "3"]
[White "Viana, Dirceu"]
[Black "Sagalchik, Gennadij"]
[Result "0-1"]
[WhiteTitle "FM"]
[BlackTitle "GM"]
[WhiteElo "2188"]
[BlackElo "2434"]
[WhiteFideId "2101360"]
[BlackFideId "2007916"]
[EventDate "2025.06.24"]

1. d4 Nf6 2. Nf3 e6 3. Bg5 h6 4. Bh4 c5 5. e3 Qb6 6. Bxf6 gxf6 7. Nbd2 Qxb2 8.
Be2 cxd4 9. Nxd4 a6 10. O-O Qb6 11. c4 Nc6 12. Rb1 Qc7 13. Ne4 Be7 14. c5 Ne5
15. f4 Nc6 16. Nxc6 dxc6 17. Nd6+ Kf8 18. e4 Qa5 19. Rc1 b6 20. e5 bxc5 21. Bf3
Rb8 22. Qc2 Bd7 23. Rfd1 Be8 24. Qf2 Qa3 25. Rxc5 Rb2 26. Qe3 Qxe3+ 0-1

[Event "Titled Tue 24th Jun Late"]
[Site "chess.com INT"]
[Date "2025.06.24"]
[Round "3"]
[White "Kukhmazov, Arsen"]
[Black "Palczert, Matyas"]
[Result "0-1"]
[WhiteTitle "IM"]
[BlackTitle "FM"]
[WhiteElo "2442"]
[BlackElo "2396"]
[WhiteFideId "24108260"]
[BlackFideId "784958"]
[EventDate "2025.06.24"]

1. d4 Nf6 2. c4 g6 3. g3 Bg7 4. Bg2 c6 5. e4 d6 6. Nc3 O-O 7. Nf3 e5 8. h3 exd4
9. Nxd4 Re8 10. O-O a5 11. Be3 Na6 12. Qc2 Bd7 13. Rad1 Qc8 14. Kh2 b5 15. cxb5
cxb5 16. Qb1 b4 17. Nd5 Nxd5 18. exd5 Nc5 19. Nc6 Bf5 20. Qc1 Nd3 21. Qd2 Nxb2
22. Rc1 Qd7 23. g4 Be4 24. f3 Bd3 25. Rfe1 Ba6 26. Bd4 Nd3 27. Rxe8+ Rxe8 28.
Rd1 Bxd4 29. Nxd4 Qe7 30. Nc6 Qe2 31. Nxa5 Nf4 32. Qxf4 Qxd1 33. Qxd6 Bf1 34.
Nb3 Re2 35. Qb8+ Kg7 0-1

[Event "Titled Tue 24th Jun Late"]
[Site "chess.com INT"]
[Date "2025.06.24"]
[Round "3"]
[White "Martinez, Shawn"]
[Black "Petersen, Marcel"]
[Result "0-1"]
[BlackTitle "CM"]
[WhiteElo "1921"]
[BlackElo "2236"]
[WhiteFideId "2039770"]
[BlackFideId "12935670"]
[EventDate "2025.06.24"]

1. e4 g6 2. d4 Bg7 3. Nc3 e6 4. Bf4 Ne7 5. Qd2 d5 6. O-O-O a6 7. Bh6 Bxh6 8.
Qxh6 dxe4 9. Nxe4 Nf5 10. Qf4 Nd7 11. Nf3 b6 12. Ne5 Bb7 13. Nxd7 Bxe4 14. Qxe4
Kxd7 15. d5 e5 16. d6 Nxd6 17. Qxe5 Re8 18. Qd5 Qf6 19. g3 Qe6 20. Qd3 Qxa2 21.
h4 Rad8 22. Bh3+ f5 23. Rhe1 Rxe1 24. Rxe1 Kc8 0-1